| 000 | 00676nam a2200205 i 4500 | ||
|---|---|---|---|
| 001 | 148792 | ||
| 003 | ES-MaACL | ||
| 005 | 20250610152237.0 | ||
| 007 | t| | ||
| 008 | 070214s1907 sp r ||||1| spa d | ||
| 100 | 1 |
_aSubirá, José, _d1882-1980 _9108686 |
|
| 245 | 1 | 4 |
_aLos grandes músicos _b: Bach, Beethoven, Wagner / _cJosé Subirá. |
| 260 |
_aMadrid : _b[s. n.], _c1907 ( _fTip. Archivos) |
||
| 300 |
_a132 p. ; _c17 cm. |
||
| 600 | 0 | 4 |
_aBach, Johann Sebastian, _d1685-1750 _924454 |
| 600 | 1 | 7 |
_aBeethoven, Ludwig van, _d1770-1827 _2embne _9240507 |
| 600 | 1 | 4 |
_aWagner, Richard, _d1813-1883 _9240522 |
| 852 |
_aES-MaACL _jF-10407 |
||
| 999 |
_c148792 _d148792 |
||